000 00667nam a22001577a 4500
008 160506b xxu||||| |||| 00| 0 eng d
082 _22012
_aUT 0497
_bZ14
100 _97679
_aZamora, John Mark R.
245 _aMotiivational factors affecting the level of performance of part-time professors in University of Mindanao Digos College/
_cJonh Mark R. Zamora, Jefferson I. Lambino and Ajele C. Prito.
260 _aDigos City:
_bUMDC
_cDecember 2012.
300 _a62 pages;
_c30 cm.
650 0 _97675
_aBusiness Administration
_vMarketing Management
_xUndergraduate thesis.
700 _97670
_aLambino, Jefferson I.
700 _97672
_aPrito, Anjele C.
942 _2ddc
_cUT
999 _c2340
_d2340